| 000 | 00752nam a2200241Ia 4500 | ||
|---|---|---|---|
| 008 | 160319s9999 xx 000 0 und d | ||
| 020 | _a971-23-3003-6 | ||
| 050 | _aFIL HQ 766 | ||
| 050 | _b.L84 2001 c.2 | ||
| 100 | _aLugue, Lydia Quirolgico - | ||
| 245 | _aTextbook on family planning : | ||
| 245 | _b(with an overview on population trends, problems, and policies) / | ||
| 245 | _cLydia Quirologico-Lugue, Maria Fe Manguera-De Leon. | ||
| 260 | _aManila: | ||
| 260 | _bRex Book Store, Inc., | ||
| 260 | _c2001 | ||
| 300 | _a217 pages : | ||
| 300 | _billustrations (some color) ; | ||
| 300 | _c22 cm. | ||
| 650 | _aBirth control -- Philippines. | ||
| 650 | _aFamily planning -- Philippines. | ||
| 650 | _xPopulation -- Philippines. | ||
| 999 |
_c291604 _d291604 |
||